000 00358nam a2200145 a 4500
005 20140414093848.0
008 110308s19uu xx 00 eng d
020 _a9780199124534
050 _aCD 448
_bEQU 2005
245 _aEquipe nouvelle 2.
260 _aUSA :
_bOxford University Press,
_c2004.
650 _aFrench
942 _cAVM
999 _c109728
_d109728